Implementación de la técnica multietapa en el ensayo de compresión triaxial
Uloženo v:
| Hlavní autor: | |
|---|---|
| Médium: | Kniha |
| Jazyk: | Spanish |
| Vydáno: |
[San José], Costa Rica
2013
|
| Témata: | |
| Tagy: |
Přidat tag
Žádné tagy, Buďte první, kdo vytvoří štítek k tomuto záznamu!
|
MARC
| LEADER | 00000nam a22000007a 4500 | ||
|---|---|---|---|
| 001 | 6801 | ||
| 003 | 011631 | ||
| 005 | 20221231143919.0 | ||
| 008 | 151013b2013 cr a|||| |||| 00| 0 spa d | ||
| 040 | |c cru CEDI | ||
| 100 | |9 1473 |a Moreira Umaña, Allan Fabricio | ||
| 245 | |a Implementación de la técnica multietapa en el ensayo de compresión triaxial | ||
| 260 | |a [San José], Costa Rica |c 2013 | ||
| 500 | |a Proyecto de graduación (licenciatura en ingeniería civil)--Universidad de Costa Rica. Facultad de Ingeniería. Escuela de Ingeniería Civil | ||
| 650 | |x UNIVERSIDAD DE COSTA RICA. LABORATORIO NACIONAL DE MATERIALES Y MODELOS ESTRUCTURALES |x ENSAYOS TRIAXIALES |x MECANICA DE SUELOS |9 1475 | ||
| 942 | |c BK | ||
| 999 | |c 14142 |d 14142 | ||
